000 00217nam a2200097Ia 4500
008 190216s9999||||xx |||||||||||||| ||und||
100 _aKrishna Kumar Kk
245 0 _aFitter
260 _bKerala Basha Inst
942 _cBK
999 _c37692
_d37692